Eric Clapton ~ Tears in Heaven - Statistics

General Stats
  • This quiz has been taken 55 times
  • The average score is 103 of 130
Answer Stats
Answer % Correct
Heaven
100%
I
100%
If
100%
in
100%
In
100%
saw
100%
Would
100%
you
100%
know
97%
be
95%
my
95%
name
95%
the
89%
same
87%
Here
84%
it
84%
and
82%
on
79%
belong
76%
carry
74%
'Cause
74%
don't
74%
must
71%
strong
71%
me
61%
can
58%
just
55%
hand
53%
hold
53%
Will
50%
your
50%
can't
47%
stay
47%
help
45%
stand
45%
I'll
42%
day
39%
down
39%
Time
39%
night
37%
way
37%
find
34%
heart
34%
through
34%
please
32%
begging
29%
break
29%
bring
29%
Have
26%
knees
26%
bend
24%
No matching quizzes found
Score Distribution
Percent of People with Each Score
Percentile by Number Answered
Your Score History
You have not taken this quiz